00334 2200157 4500001002100000005001500021035002000036245003200056100001700088250000600105300001200111260001900123082000800142084001400150990001200164INLIS00000000000252220250604114721 a0010-06250001081 aUji IQ Anda /cTim Psikolog0 aTim Psikolog a1 a258 hlm bAbsolut,c2006 a100 a100 TIM u a0712314